000 00791nam a2200217 i 4500
001 182266
003 ES-MaACL
005 20250903012933.0
008 130729s1987 sp | |||| ||spa d
020 _a84-7666-060-X
080 _a51:37.02
100 1 _aEscotet, Miguel Angel.
_947621
245 1 4 _aLos modelos matemáticos de aprendizaje /
_cMiguel Ángel Escotet.
260 _aMadrid :
_bServicio de Publicaciones, Organización de Estados Iberoamericanos para la Educación, la Ciencia y la Cultura,
_c1987.
300 _a41 p. ;
_c21 cm.
490 1 _aInformes de investigación ;
_v27
650 0 4 _aMatemáticas-
_xEstudio y enseñanza
_914818
830 0 _aInformes de investigación ;
_v27
_9224815
852 _aES-MaACL
_j2316-F-14
999 _c182266
_d182266